00648 a2200157 45000010006000000050017000060080041000230030015000640400040000790800093001192450111002122640036003233000019003590410008003781000104003866283420260407155922.0260407a1980 arg spa dAR-UNSa-BCEJYS aAR-UNSa-BCEJYSbspacAR-UNSa-BCEJYS a339.92xCooperación económica internacional. Integración económica internacional10aLa compensación en el transporte internacionalpTransporte automotor de cargas de tránsito por Uruguay 1aBuenos Aires :bBID-INTALc1980 a289 p.c28 cm. aspa1 aBanco Interamericano de Desarrollo. Instituto para la Integración de América Latina (BID-INTAL)